Catalog

Record Details

Catalog Search



Nabídka publikací, pomůcek a her o životním prostředí, vzdělávání pro udržitelný rozvoj a ekologické/environmentální výchově Cover Image Book Book

Nabídka publikací, pomůcek a her o životním prostředí, vzdělávání pro udržitelný rozvoj a ekologické/environmentální výchově

Record details

  • Physical Description: 11 stran : ilustrace
  • Publisher: Horní Maršov : SEVER, [200-]

Available copies

  • 1 of 1 copy available at Common Catalog SPOK.

Holds

  • 0 current holds with 1 total copy.
Show All Copies
Location Call Number / Copy Notes Barcode Shelving Location Status Due Date
Varianty GRV Met Na 4605400327 Šafaříkova 17 - 5. patro, GRV Available -

LDR nam a22 i 4500
00131298
003CZ-PrJAB
00520190310080308.0
007ta
008 s200u xr e 000 0 cze
040 . ‡aABH006 ‡bcze ‡erda
24510. ‡aNabídka publikací, pomůcek a her o životním prostředí, vzdělávání pro udržitelný rozvoj a ekologické/environmentální výchově
264 1. ‡aHorní Maršov : ‡bSEVER, ‡c[200-]
300 . ‡a11 stran : ‡bilustrace
336 . ‡atext ‡btxt ‡2rdacontent
338 . ‡asvazek ‡bnc ‡2rdacarrier
910 . ‡aABH006
901 . ‡a31298 ‡b ‡c31298 ‡tbiblio

Additional Resources